01352nam a22001697a 4500008004100000020001800041020001500059050002000074100002400094245009200118250001200210260002900222300002400251500002000275505086900295650001801164120724t xxu||||| |||| 00| 0 eng d a9780135064177 a0135064171 aQA76.9.C643.S73 aStallings, William. aComputer organization and architecture designing for performance. /cWilliam Stallings. a8th ed. aBoston:bPearson,c2010. a792 p:bill.;c24cm aIncludes index. aOverview: Introduction -- Computer evolution and performance -- The Computer system: A Top- level view of computer function and interconnection -- Cache memory -- Internal memory technology -- External memory -- Input/ output -- Operating system support -- The Central processing unit: Computer arithmetic -- Instruction sets: charaterisitcs and functions -- Instructon sets addressing modes and formats -- Processor structure and function -- Reduced instruction set computers (RISCs) -- Instruction- level parallelsim and superscalar processors -- Control unit operation -- Microprogrammed control -- Parallel organization: Parallel processing -- Multicore computers -- Appendix A: Projects for teaching computer organization and architecture -- Assembly language and related topics -- Online chapters: Number systems -- Digital logic -- The IA- 64 Architrecture. aArchitecture.